000 00559nam a2200217Ia 4500
003 OSt
005 20230601145502.0
008 210423s2003 xx 000 0 und d
040 _cAL
041 _aeng
082 _a302.2
_223
_bPRAG
100 _aPRAGASAM (Magimai);YADAV (Adesh)
_9118211
245 _aGroup media: trainers manual
260 _aSecundarabad
_c2003
300 _a72
_bPB
365 _cINR
650 _aSocial Interaction
_9118212
650 _aSociology
_9118213
906 _aGroup ; manual ; media: ; trainers
942 _2ddc
_cBK
999 _c174695
_d174695